000
00292nam a2200121Ia 4500
008
190216s9999||||xx |||||||||||||| ||und||
100
_a
Peter J. Collings
245
0
_a
Liquid Crystals
260
_b
New Age International Publishers
_c
2007
300
_a
205
650
_a
Physics
942
_c
BK
999
_c
34430
_d
34430